000 00604nam a2200229Ia 4500
003 OSt
005 20220918204310.0
006 a|||||r|||| 00| 0
007 ta
008 220917b |||||||| |||| 00| 0 eng d
024 _a111,939
037 _cTextual
040 _aARTS
_cARTS
_beng
041 _2eng
_aeng
082 _aV5.N19<-N18, L2
100 _aCarsten F L
_9107355
245 0 _aRevolution in Central Europe 1918-1919
260 _aLondon
_bTemple Smith
_c1972
650 _aHISTORY
942 _hV5.N19<-N18, L2
_cTEXL
_2CC
999 _c235288
_d235288